Wszystkie gry z serii Half Life - Statystyki

Ogólne statystyki
  • Ten quiz został rozwiązany 60 razy
  • Średni wynik to 6 z 11
Statystyki odpowiedzi
Data Wydania
Odpowiedź
% Poprawnych
19.11.1998r. Half-Life
100%
16.11.2004r. Half-Life 2
98%
23.03.2020r. Half-Life Alyx
78%
12.06.2001r. Half-Life Blue Shift
76%
01.11.1999r. Half-Life Opposing Force
65%
01.06.2006r. Half-Life 2: Episode One
51%
14.11.2001r. Half-Life Decay
51%
10.10.2007r. Half-Life 2: Episode Two
49%
27.10.2005r. Half-Life 2 Lost Coast
33%
30.11.2004r. Half-Life 2 Deathmatch
22%
01.05.2006r. Half-Life Deathmatch: Source
14%
Nie znaleziono quizów pasujących do podanych kryteriów
Rozkład punktacji
Procent ludzi z każdym wynikiem
Percentyl według liczby udzielonych odpowiedzi
Twoja historia wyników
Nie rozwiązałeś tego quizu